000 00766cam a22002533a 4500
001 3410
003 PGUSA
005 20140828083031.0
008 020901s2002||||xxu|||||s|||||000 | eng d
040 _aPGUSA
_beng
042 _adc
050 4 _aE151
050 4 _aPS
100 1 _aPerry, Bliss,
_d1860-1954
245 1 4 _aThe American Spirit in Literature :
_bA Chronicle of Great Interpreters
_h[electronic resource] /
_cBliss Perry
260 _bProject Gutenberg,
_c2002
500 _aChronicles of America series; v. 34
506 _aPublic domain in the USA.
516 _aElectronic text
653 _aAmerican literature -- History and criticism
830 0 _aProject Gutenberg
_v3410
856 4 0 _uhttp://www.gutenberg.org/ebooks/3410
942 _cEB
999 _c232739
_d232739